书目信息 |
| 题名: |
画法几何习题集
|
|
| 作者: | 道来提·沙里江 主编 | |
| 分册: | ||
| 出版信息: | 重庆 重庆大学出版社 2001.09 |
|
| 页数: | 104页 | |
| 开本: | 18*26cm | |
| 丛书名: | ||
| 单 册: | ||
| 中图分类: | O185.2-44 | |
| 科图分类: | ||
| 主题词: | 几何 , 拓扑 | |
| 电子资源: | ||
| ISBN: | 7-5624-2373-3 | |
| 000 | 00612nam0 2200205 45 | |
| 001 | 0256261334 | |
| 005 | 2002061015374133 | |
| 010 | @a7-5624-2373-3@dRMB 20.00 | |
| 100 | @a20020610d2001 km y0chiy0120 ea | |
| 101 | 0 | @achi |
| 102 | @aCN@b420000 | |
| 200 | 1 | @a画法几何习题集@Ahua fa ji he xi ti ji@f道来提·沙里江主编@Fdao lai ti·sha li jiang zhu bian |
| 210 | @a重庆@c重庆大学出版社@d2001.09 | |
| 215 | @a104页@d18*26cm | |
| 606 | 0 | @a几何 |
| 606 | 0 | @a拓扑 |
| 690 | @aO185.2-44@v3 | |
| 701 | 0 | @a道来提·沙里江@Adao lai ti·sha li jiang@4主编 |
| 801 | 0 | @aCN@bPFT@c20020610 |
| 905 | @a10447@dO185.2-44@eD192 | |
| 画法几何习题集/道来提·沙里江主编.-重庆:重庆大学出版社,2001.09 |
| 104页;18*26cm |
| ISBN 7-5624-2373-3:RMB 20.00 |
| ● |
| 相关链接 |
|
|
|
正题名:画法几何习题集
索取号:O185.2-44/D192
 
预约/预借
| 序号 | 登录号 | 条形码 | 馆藏地/架位号 | 状态 | 备注 |
| 1 | 361456 | 203614561 | 自科库401/401自科库 76排1列2层/ [索取号:O185.2-44/D192] | 在馆 | |
| 2 | 361457 | 203614570 | 自科库401/401自科库 76排1列2层/ [索取号:O185.2-44/D192] | 在馆 | |
| 3 | 361458 | 203614589 | 自科库401/401自科库 76排1列2层/ [索取号:O185.2-44/D192] | 在馆 |